| 000 | 004240000a22001690004500 | ||
|---|---|---|---|
| 003 | MACL | ||
| 005 | 20160106175055.0 | ||
| 008 | 160106b xxu||||| |||| 00| 0 eng d | ||
| 040 |
_aMACL _cMACL |
||
| 041 | _aEnglish | ||
| 082 | _a823/MAR | ||
| 100 |
_aMarshall, Bruge _929103 |
||
| 245 |
_aEvery Man A Penny _bA Novel |
||
| 260 |
_bConstable & Co Ltd _c1950 _aLondon |
||
| 650 |
_aFiction _929104 |
||
| 942 |
_cBK _k823/MAR _2ddc |
||
| 999 |
_c34763 _d34763 |
||